Welcome to CU Library Online Public Access Catalogue (OPAC)

Discrete mathematics and its applications / (Record no. 451)

MARC details
000 -LEADER
fixed length control field 00799cam a2200229 a 4500
001 - CONTROL NUMBER
control field 12754456
005 - DATE AND TIME OF LATEST TRANSACTION
control field 20241031123222.0
008 - FIXED-LENGTH DATA ELEMENTS--GENERAL INFORMATION
fixed length control field 020425s2003 maua b 001 0 eng
020 ## - INTERNATIONAL STANDARD BOOK NUMBER
International Standard Book Number 9780072424348
050 00 - LIBRARY OF CONGRESS CALL NUMBER
Classification number QA39.3
Item number .R67 2003
082 00 - DEWEY DECIMAL CLASSIFICATION NUMBER
Classification number 511
Edition information 21
100 1# - MAIN ENTRY--PERSONAL NAME
Personal name Rosen, Kenneth H.
245 10 - TITLE STATEMENT
Title Discrete mathematics and its applications /
Statement of responsibility, etc. Kenneth H. Rosen.
250 ## - EDITION STATEMENT
Edition statement 5th ed.
260 ## - PUBLICATION, DISTRIBUTION, ETC.
Place of publication, distribution, etc. Boston :
Name of publisher, distributor, etc. McGraw-Hill,
Date of publication, distribution, etc. c2003.
300 ## - PHYSICAL DESCRIPTION
Extent xxi, 787, 9, 8, 83, 1, 18 p. :
Other physical details ill. (some col.) ;
Dimensions 26 cm.
650 #0 - SUBJECT ADDED ENTRY--TOPICAL TERM
Topical term or geographic name entry element Mathematics.
650 #0 - SUBJECT ADDED ENTRY--TOPICAL TERM
Topical term or geographic name entry element Computer science
General subdivision Mathematics.
856 41 - ELECTRONIC LOCATION AND ACCESS
Materials specified Table of contents
Uniform Resource Identifier <a href="http://www.loc.gov/catdir/toc/mh031/2002070890.html">http://www.loc.gov/catdir/toc/mh031/2002070890.html</a>
856 42 - ELECTRONIC LOCATION AND ACCESS
Materials specified Publisher description
Uniform Resource Identifier <a href="http://www.loc.gov/catdir/description/mh024/2002070890.html">http://www.loc.gov/catdir/description/mh024/2002070890.html</a>
942 ## - ADDED ENTRY ELEMENTS (KOHA)
Source of classification or shelving scheme Library of Congress Classification
Koha item type Books
Edition 5th Ed.
Suppress in OPAC No
999 ## -
-- 451
-- 451
Holdings
Withdrawn status Lost status Source of classification or shelving scheme Damaged status Not for loan Collection Home library Current library Shelving location Date acquired Total checkouts Full call number Barcode Date last seen Copy number Price effective from Koha item type
    Library of Congress Classification     Non-fiction Science Library (Miotso) Science Library (Miotso) General stacks 10/31/2024   QA39.3 R67 2003 SLM00000253 10/31/2024 1 10/31/2024 Books
© 2023-2024 Copyright: Central University Libraries. All Rights Reserved | Created by: Mahone Tech Office